Southville International School and Colleges
Your cart is empty.
  • Cart
  • Lists
    Public lists Eva Luna New books Lux_list list_1
    Your lists Log in to create your own lists
  • Log in to your account
  • Your cookies
  • Search history
Southville International School and Colleges
  • Advanced search
  • Recent comments
  • Most popular
  • Libraries

Log in to your account

Log in with GOOGLE


If you do not have an external account, but do have a local account, you can still log in:

  1. Home
  2. MARC view: Punla :
Normal view MARC view ISBD view

Punla : (Record no. 117398)

[ view plain ]
MARC details
000 -LEADER
fixed length control field 00589nam a2200169Ia 4500
008 - FIXED-LENGTH DATA ELEMENTS--GENERAL INFORMATION
fixed length control field 140527s9999 xx 000 0 und d
020 ## - INTERNATIONAL STANDARD BOOK NUMBER
International Standard Book Number 9789710391639
050 ## - LIBRARY OF CONGRESS CALL NUMBER
Classification number LB 1575.9
Item number .M37 2012
100 ## - MAIN ENTRY--PERSONAL NAME
Personal name Macascas, Cristina D. Dimaguila-
245 ## - TITLE STATEMENT
Title Punla :
Remainder of title sanayang aklat sa special Filipino(pagtuturo sa Filipino sa nagsisimulang mag-aaral) /
Statement of responsibility, etc Cristina D. Dimaguila-Macascas.
260 ## - PUBLICATION, DISTRIBUTION, ETC. (IMPRINT)
Place of publication, distribution, etc Quezon City, Philippines :
Name of publisher, distributor, etc Great Books Pub.,
Date of publication, distribution, etc c2012.
300 ## - PHYSICAL DESCRIPTION
Extent 150 p. :
Other physical details ill. ;
Dimensions 26 cm.
500 ## - GENERAL NOTE
General note Includes index.
521 ## - TARGET AUDIENCE NOTE
Target audience note
942 ## - ADDED ENTRY ELEMENTS (KOHA)
Call number prefix Local
Koha item type Books
Holdings
Withdrawn status Lost status Damaged status Home library Current library Shelving location Date acquired Cost, normal purchase price Total Checkouts Full call number Barcode Date last seen Price effective from Koha item type
      College Library College Library Reserve Section 05/28/2014 395.00   LB 1575.9 .M37 2012 C18006 05/15/2018 05/28/2014 Books

Punla :

APA

Macascas C. D. D., . (2012). Punla. Quezon City, Philippines: Great Books Pub.

Chicago

Macascas Cristina D Dimaguila, . 2012. Punla. Quezon City, Philippines: Great Books Pub.

Harvard

Macascas C. D. D., . (2012). Punla. Quezon City, Philippines: Great Books Pub.

MLA

Macascas Cristina D Dimaguila, . Punla. Quezon City, Philippines: Great Books Pub. 2012.

  • Place hold
  • Print
  • Cite
  • Add to your cart (remove)
  • Save record
    BIBTEX Dublin Core MARCXML MARC (non-Unicode/MARC-8) MARC (Unicode/UTF-8) MARC (Unicode/UTF-8, Standard) MODS (XML) RIS
  • More searches
    Search for this title in:
    Other Libraries (WorldCat) Other Databases (Google Scholar) Online Stores (Bookfinder.com) Open Library (openlibrary.org)

Exporting to Dublin Core...

SOUTHVILLE LIBRARY

Southville International School and Colleges Library

1281 Tropical Ave. Cor. Luxembourg St., BF Homes International, Las Pinas City

Tel. No. 8256374 / 252358 Loc. 117/146

Powered by Koha